000 00594nam a2200193 a 4500
005 20210223120632.0
008 991125s1973 mx 000 0 spa u
020 _a8432300977
035 _aUPN01000004705
049 _aCG
050 4 _aD6
_bH5.9 no.18
100 1 _aVilliers, John,
_d1936-
245 1 0 _aAsia sudoriental antes de la época colonial /
_cJohn Villiers ; tr. Fernando Santos Fontenla.
260 _aMéxico :
_bSiglo XXI,
_c1973.
300 _a308 p. :
_bmapas.
440 0 _aHistoria universal siglo XXI ;
_v18
651 4 _aASIA SUDORIENTAL -
_xHISTORIA
_92097
905 _aLibro
999 _c4705
_d4705